000
00285nam a2200121Ia 4500
005
20251222144858.0
008
251222s9999||||xx |||||||||||||| ||spa||
082
_a
428.246.58/P74
100
_a
Pohl, Alison
245
0
_a
Test Your, Business English:
264
_b
Madrid
942
_c
LIB
999
_c
21861
_d
21861